Diálogo creativo. Hablar para pensar en el aula.

Saved in:
Bibliografiske detaljer
Hovedforfatter: Fisher, Robert (autor)
Format: Bog
Udgivet: Madrid, España: Ediciones Morata, 2013.
Udgivelse:Primera edición.
Fag:
Tags: Tilføj Tag
Ingen Tags, Vær først til at tagge denne postø!

MARC

LEADER 00000nam a22000007a 4500
003 CL-VaPUC
005 20230726104921.0
008 230704t2013 ||||| |||| 00| 0 eng d
999 |c 441298  |d 441296 
020 |a 978-84-7112-678-8 
040 |c Pontificia Universidad Católica de Valparaíso 
082 |2 22  |a 371.1022 FIS 2013 
100 |a Fisher, Robert  |9 441800  |e autor 
245 |a Diálogo creativo.  |b Hablar para pensar en el aula. 
250 |a Primera edición. 
260 |a Madrid, España:  |b Ediciones Morata,  |c 2013. 
300 |a 279 páginas. 
500 |a c.1 Donación Escuela Pedagogía PUCV. Mayo 2023. 
583 |c 20230704  |k Catalogador Asistente 
650 0 |9 883750  |a Aprendizaje dialógico  |x Razonamiento verbal   |x Comunicación en la educación 
650 0 |9 362034  |a Diálogo  |x Inteligencia social   |x Pensamiento crítico y creativo   |x Educación de niños  
942 |2 ddc  |c BK 
952 |0 0  |1 0  |2 ddc  |4 0  |6 371_102200000000000_FIS_2013  |7 0  |8 A  |9 590659  |a BIBEDU  |b BIBEDU  |c GEN  |d 2023-07-04  |e Donación  |i 5656734  |o 371.1022 FIS 2013  |p 5656734  |r 2023-07-04  |t 1  |w 2023-07-04  |y BK  |k EBA